000 00528nam a2200181Ia 4500
008 151018s9999 xx 000 0 und d
082 _bRBASDV39696
_a891.468
100 _aशिरीष कणेकर
245 _aलगाव बत्ती
250 _b1
260 _bदिलीप
_c2002
300 _a376
600 _aशिरीष कणेकर
630 _aलगाव बत्ती
700 _aशिरीष कणेकर
730 _aलगाव बत्ती
942 _cBOOK
999 _c1038982
_d1038979